000 00988nam a2200289 a 4500
001 BRL_1882
005 20190320211420.0
008 120815s1979----mx-ab#####---#000-0#spa-#
020 _a9688220027
041 _aspa
044 _amx
050 4 _aF1221.T9
_b.G67 1979
100 1 _aGossen, Gary H.
_928128
245 1 0 _aLos chamulas en el mundo del sol
_btiempo y espacio en una tradicción oral maya
_cGary H. Gossen : traducción de Celia Paschero.
260 _aMéxico
_bInstituto Nacional Indigenista
_c1979
300 _a450 p.
_bil.
_c21 cm.
440 0 _aColección INI
_vno.58
_928129
500 _aAu2064
500 _aTraducción de: Chamulas in the world of the sun : time and space in a maya oral tradition.
504 _aBibliografía: p. 441-450
650 1 4 _aTzotziles
_xLenguaje
_928130
650 1 4 _aTzotziles
_xFolklore
_928131
650 1 4 _aIndígenas de México
_xFolklore
_928132
700 1 _aPaschero, Celia
_etr.
_928133
902 _aGRL
942 _2lcc
_cB
999 _c10690
_d10690